Pierwsze jedenastki z meczu Real Atletico LM 16/17 1 mecz - Statystyki

Ogólne statystyki
  • Ten quiz został rozwiązany 185 razy
  • Średni wynik to 21 z 30
Statystyki odpowiedzi
pozycja piłkarz % Poprawnych
Napastnik Cristiano Ronaldo
98%
Napastnik Karim Benzema
96%
Pomocnik Luka Modrić
95%
Obrońca Sergio Ramos
94%
trener Zinedine Zidane
94%
Bramkarz Keylor Navas
93%
Obrońca Marcelo
93%
Pomocnik Toni Kroos
92%
Obrońca Dani Carvajal
91%
Obrońca Rafael Varane
91%
Pomocnik Casemiro
90%
Bramkarz Jan Oblak
90%
Obrońca Diego Godin
86%
Pomocnik Koke
85%
Napastnik Antoine Griezmann
81%
trener Diego Simeone
81%
Napastnik Isco
71%
Pomocnik Saul
69%
Pomocnik Gabi
63%
Obrońca Felipe Luis
62%
rezerwowy Marco Asensio
61%
rezerwowy Lucas Vazquez
52%
Obrońca Stefan Savic
52%
Pomocnik Yannick Carrasco
50%
rezerwowy Fernando Torres
47%
rezerwowy Nacho
44%
rezerwowy Angel Correa
34%
Napastnik Kevin Gameiro
19%
Obrońca Lucas Hernandez
15%
rezerwowy Nicolas Gaitan
6%
Nie znaleziono quizów pasujących do podanych kryteriów
Rozkład punktacji
Procent ludzi z każdym wynikiem
Percentyl według liczby udzielonych odpowiedzi
Twoja historia wyników
Nie rozwiązałeś tego quizu